[Event "Asian Continental 2012"]
[Site "Ho Chi Minh City VIE"]
[Date "2012.05.10"]
[Round "6.6"]
[White "Lu Shanglei"]
[Black "Gao Rui"]
[Result "1-0"]
[WhiteElo "2522"]
[BlackElo "2427"]

1.e4 c5 2.Nf3 d6 3.Bb5+ Nc6 4.O-O Bd7 5.Re1 Nf6 6.c3 a6 7.Bf1 Bg4 8.h3 Bh5
9.d3 e6 10.g4 Bg6 11.Bg2 d5 12.g5 dxe4 13.Nh4 Bh5 14.Qd2 Nd7 15.Bxe4 Qc7
16.a4 Be7 17.Qf4 Bd6 18.Qe3 O-O-O 19.Na3 h6 20.g6 Nce5 21.d4 Nxg6 22.Nxg6 Bxg6
23.Bxg6 fxg6 24.Qxe6 Rhf8 25.Qxg6 Rf6 26.Qg4 Qc6 27.Qe4 Qc7 28.Be3 c4 29.Kf1 Rdf8
30.Re2 Kb8 31.Ke1 Bf4 32.Kd2 Nb6 33.a5 Nc8 34.Bxf4 Rxf4 35.Qe5 Nd6 36.Rg1 g5
37.Rge1 Rxf2 38.Rxf2 Rxf2+ 39.Kc1 Rf5 40.Qg3 Rf4 41.Re6 Ne4 42.Re8+ Ka7 43.Qg1 Nf2
44.Re2 Rf3 45.d5 Kb8 46.Kb1 Qf4 47.Ka2 Ne4 48.Qd4 Nd6 49.Qb6 Rd3 50.Re7 Rxd5
51.Rd7 Rd2 52.Qc7+ Ka7 53.Qc5+  1-0

[Event "Asian Continental w 2012"]
[Site "Ho Chi Minh City VIE"]
[Date "2012.05.10"]
[Round "6.5"]
[White "Swathi,G"]
[Black "Wang Jue"]
[Result "0-1"]
[WhiteElo "2286"]
[BlackElo "2364"]

1.e4 c5 2.Nf3 d6 3.Bb5+ Nd7 4.O-O a6 5.Bxd7+ Bxd7 6.c3 Nf6 7.Re1 Bc6 8.e5 dxe5
9.Nxe5 Rc8 10.Na3 e6 11.Nac4 Be7 12.Nxc6 Rxc6 13.Ne5 Rd6 14.Qf3 Qc8 15.d3 O-O
16.Bf4 Rdd8 17.Rad1 Nd5 18.Bg3 f6 19.Nc4 e5 20.Ne3 Nxe3 21.fxe3 Qe6 22.b3 Rxd3
23.Rxd3 e4 24.Qd1 exd3 25.Qxd3 Rd8 26.Qc2 Bd6 27.Bxd6 Rxd6 28.e4 Qe5 29.Re2 h6
30.h3 b5 31.Rf2 Qg3 32.c4 b4 33.Qe2 g6 34.Rf3 Qe5 35.Rd3 Rd4 36.Rxd4 Qxd4+
37.Kh2 h5 38.Qf3 Kf7 39.g4 h4 40.Qf4 Ke6 41.Kg2 Qb2+ 42.Kf1 Qb1+  0-1

[Event "Tschaturanga Open"]
[Site "Vienna AUT"]
[Date "2012.05.11"]
[Round "5.14"]
[White "Pruell,L"]
[Black "Ponjican,E"]
[Result "0-1"]
[WhiteElo "1901"]
[BlackElo "2124"]

1.e4 c5 2.Nf3 d6 3.Bb5+ Bd7 4.Bxd7+ Qxd7 5.O-O Nf6 6.c3 Nc6 7.d4 cxd4 8.cxd4 d5
9.e5 Ne4 10.Be3 e6 11.Qe2 Be7 12.Ne1 h6 13.Qg4 O-O-O 14.Qe2 f6 15.f3 Ng5
16.f4 Ne4 17.Nd2 f5 18.Nd3 g5 19.Rac1 Kb8 20.b4 Bxb4 21.Nxb4 Nxb4 22.Nxe4 dxe4
23.Rc4 Nd5 24.fxg5 hxg5 25.Bxg5 Rdg8 26.h4 Rc8 27.Rxc8+ Rxc8 28.Qh5 Qa4 29.Qd1 Qxa2
30.Rf2 Qc4 31.g4 e3 32.Rb2 e2 33.Qxe2 Qxd4+ 34.Kh1 fxg4 35.Qg2 Rc3 36.Rf2 Rh3+
37.Kg1 Nc3 38.Qf1 Ne4 39.Kg2 Nxf2 40.Qxf2 Rh2+  0-1

[Event "FSFMA May 2012"]
[Site "Budapest HUN"]
[Date "2012.05.12"]
[Round "8"]
[White "Juracsik,J"]
[Black "Nazarenus,O"]
[Result "1-0"]
[WhiteElo "2134"]
[BlackElo "2073"]

1.e4 c5 2.Nf3 d6 3.Bb5+ Bd7 4.a4 Nc6 5.O-O Nf6 6.Re1 e6 7.c3 a6 8.Bf1 Be7
9.d4 O-O 10.d5 Nb8 11.c4 exd5 12.cxd5 Bg4 13.h3 Bh5 14.g4 Bg6 15.Nc3 Nfd7
16.Bf4 Qc7 17.Nd2 Re8 18.Bg3 f6 19.f4 Bf7 20.Nc4 Nb6 21.Ne3 Bf8 22.Kh2 N8d7
23.a5 Nc8 24.Bg2 Rb8 25.Nc4 b5 26.axb6 Ncxb6 27.Na5 Nc8 28.Re2 Na7 29.Nc6 Rb6
30.e5 dxe5 31.fxe5 Nxc6 32.dxc6 Nxe5 33.Nd5 Bxd5 34.Qxd5+ Kh8 35.Rae1 Reb8
36.Rxe5 fxe5 37.Bxe5 Qe7 38.Bg3 Qd8 39.Qe6 Rc8 40.Bd5 Be7 41.c7 Rxb2+ 42.Kg1 Rxc7
43.Be5 Rb8 44.Qf7 Bd6 45.Bxg7+  1-0

[Event "ch-CZE 2012"]
[Site "Kouty nad Desnou CZE"]
[Date "2012.05.13"]
[Round "2"]
[White "Simek,P2"]
[Black "Kislinsky,A"]
[Result "0-1"]
[WhiteElo "2327"]
[BlackElo "2532"]

1.e4 c5 2.Nf3 d6 3.Bb5+ Nc6 4.Bxc6+ bxc6 5.O-O e5 6.c3 f5 7.exf5 Be7 8.Qa4 Qc7
9.d4 e4 10.Ng5 Bxf5 11.f3 exf3 12.Rxf3 Nh6 13.Bf4 O-O 14.dxc5 Qd8 15.Ne4 d5
16.Nd6 Be4 17.Nxe4 dxe4 18.Qxe4 Qd1+ 19.Kf2 Bh4+ 20.g3 Rae8 21.Qc4+ Kh8 22.gxh4 Re2+
23.Qxe2 Ng4+ 24.Kg3 Qxe2 25.Kxg4 Qg2+ 26.Rg3 h5+ 27.Kxh5 Qe2+  0-1

[Event "ch-Catalunya 2012"]
[Site "Barcelona ESP"]
[Date "2012.05.14"]
[Round "2.1"]
[White "Munoz Pantoja,M"]
[Black "Alonso Rosell,A"]
[Result "1/2-1/2"]
[WhiteElo "2484"]
[BlackElo "2510"]

1.e4 c5 2.Nf3 d6 3.Bb5+ Bd7 4.Bxd7+ Qxd7 5.O-O Nf6 6.Re1 Nc6 7.c4 g6 8.d4 cxd4
9.Nxd4 Bg7 10.f3 Nxd4 11.Qxd4 O-O 12.Nc3 Qc6 13.Qd3 Rfc8 14.b3 b5 15.Nxb5 Nxe4
16.Nd4 Nc5 17.Qd1 Qb7 18.Be3 d5 19.cxd5 Qxd5 20.Qd2 e5 21.Nb5 Qxd2 22.Bxd2 e4
23.Rac1 exf3 24.gxf3 Rd8 25.Ba5 Nd3 26.Bxd8 Nxe1 27.Rxe1 Rxd8 28.Re2  1/2-1/2

[Event "ch-CZE 2012"]
[Site "Kouty nad Desnou CZE"]
[Date "2012.05.14"]
[Round "3"]
[White "Rasik,V"]
[Black "Navara,D"]
[Result "0-1"]
[WhiteElo "2495"]
[BlackElo "2706"]

1.e4 c5 2.Nf3 d6 3.Bb5+ Nd7 4.c3 Nf6 5.Qe2 a6 6.Ba4 b5 7.Bc2 Bb7 8.d4 e6
9.O-O Be7 10.Re1 Rc8 11.a4 cxd4 12.cxd4 O-O 13.axb5 axb5 14.Bd3 b4 15.Nbd2 e5
16.b3 Re8 17.Bb2 Bf8 18.Ba6 Bxa6 19.Qxa6 d5 20.exd5 e4 21.Ne5 Rc2 22.Nec4 Ng4
23.h3 Nxf2 24.Kxf2 Qh4+ 25.Ke2 Qh5+ 26.g4 Qxh3 27.Kd1 Qd3 28.Re3 Rxd2+ 29.Ke1 Rxb2
30.Rxd3 exd3+ 31.Kf1 Rh2 32.Ra2 Ree2 33.Rxe2 dxe2+ 34.Ke1 Be7 35.Qc8+ Nf8  0-1

[Event "20th Sigeman & Co"]
[Site "Malmo SWE"]
[Date "2012.05.15"]
[Round "6"]
[White "Caruana,F"]
[Black "Grandelius,N"]
[Result "1-0"]
[WhiteElo "2770"]
[BlackElo "2556"]

1.e4 c5 2.Nf3 d6 3.Bb5+ Bd7 4.Bxd7+ Qxd7 5.O-O Nf6 6.Qe2 Nc6 7.c3 e6 8.d3 Be7
9.Rd1 O-O 10.Nbd2 Ng4 11.d4 cxd4 12.cxd4 d5 13.e5 Nh6 14.Nb3 Nf5 15.Bf4 Qd8
16.Rac1 Rc8 17.Rc3 Bb4 18.Rcd3 Be7 19.a3 a5 20.Nbd2 a4 21.Nb1 b5 22.g4 Nh4
23.Nxh4 Bxh4 24.Nc3 Rb8 25.Rh3 Bg5 26.Bg3 b4 27.Nxa4 bxa3 28.Qc2 h6 29.Qxc6 axb2
30.Qc2 Qa5 31.f4 Rfc8 32.Nc5 Qb4 33.Qb1 Qc3 34.Kg2 Rxc5 35.dxc5 Rb3 36.Rf1 Ra3
37.Rf2 Ra1 38.Qxb2 Qe1 39.Rh5 g6 40.fxg5 gxh5 41.Qb8+ Kg7 42.Rxf7+  1-0

[Event "ch-USA w 2012"]
[Site "Saint Louis USA"]
[Date "2012.05.15"]
[Round "6"]
[White "Melekhina,A"]
[Black "Baginskaite,C"]
[Result "1-0"]
[WhiteElo "2242"]
[BlackElo "2358"]

1.e4 c5 2.Nf3 d6 3.Bb5+ Nc6 4.O-O Bd7 5.Re1 Nf6 6.c3 a6 7.Bxc6 Bxc6 8.d4 Bxe4
9.Bg5 Bd5 10.c4 Bxf3 11.Qxf3 cxd4 12.Bxf6 gxf6 13.Qxf6 Rg8 14.Qxd4 Bg7 15.Qd2 Rc8
16.Na3 Qb6 17.Rab1 Rc5 18.Qe3 Bf6 19.g3 Qc6 20.b3 Re5 21.Qd3 Rh5 22.Nc2 Rg4
23.Nb4 Qc5 24.Qf3 Rgg5 25.Qxf6 Re5 26.Rxe5 dxe5 27.Qh8+ Kd7 28.Rd1+ Ke6 29.Nd3 Qc6
30.Re1  1-0

[Event "21st CRO-Cup"]
[Site "Sibenik CRO"]
[Date "2012.05.16"]
[Round "1.12"]
[White "Djurovic,G"]
[Black "Stevic,H"]
[Result "0-1"]
[WhiteElo "2375"]
[BlackElo "2601"]

1.e4 c5 2.Nf3 d6 3.Bb5+ Nd7 4.d4 cxd4 5.Qxd4 a6 6.Bxd7+ Bxd7 7.a4 Rc8 8.Nc3 e5
9.Qd3 h6 10.Nd2 Be6 11.Nd5 Nf6 12.c4 Bxd5 13.cxd5 Qc7 14.Ke2 Be7 15.a5 Nh5
16.g3 Bg5 17.h4 Bxd2 18.Bxd2 Qd7 19.Rhc1 Ke7 20.Rc3 Nf6 21.Be1 Rxc3 22.bxc3 Rc8
23.Rb1 Rc5 24.c4 Qc8 25.f3 Nd7 26.Kf1 Rc7 27.g4 h5 28.gxh5 Nf6 29.Qd2 Rxc4
30.Qg2 Nxh5 31.Qg5+ Nf6 32.Qxg7 Rc2 33.Qg3 Kf8 34.Kg1 Nh5 35.Qg5 Nf4 36.Qh6+ Ke7
37.Qg5+ Kf8 38.Qh6+ Kg8 39.Qg5+ Kh7 40.Qf5+ Qxf5 41.exf5 Rc7 42.Bb4 Rd7 43.Rd1 Kg7
44.Bd2 Nxd5 45.Bg5 Nc3 46.Rd3 Ne2+ 47.Kf2 Nd4 48.f4 Rc7 49.fxe5 dxe5 50.Bd8 Rc2+
51.Kg3 Nxf5+ 52.Kg4 Nd4 53.Bb6 Re2 54.Bxd4 Re4+ 55.Kf5 Rxd4 56.Rg3+ Kh6 57.Rb3 Rxh4
58.Rxb7 Kg7 59.Ra7 Rh6 60.Ra8 Re6 61.Ke4 Kf6 62.Rh8 Rd6 63.Ra8 Rd4+ 64.Ke3 Ra4
65.Rxa6+ Kf5 66.Ra8 Ra3+ 67.Kd2 Ke4 68.a6 f5 69.a7 f4 70.Ke2 Ra2+ 71.Kf1 Kf3
72.Kg1 e4 73.Rh8 Ra1+ 74.Kh2 Rxa7 75.Kg1 Ra1+ 76.Kh2 e3  0-1

[Event "Serbia Cup Final 2012"]
[Site "Kragujevac SRB"]
[Date "2012.05.17"]
[Round "4"]
[White "Markovic,Miros1"]
[Black "Irizanin,R"]
[Result "1/2-1/2"]
[WhiteElo "2480"]
[BlackElo "2321"]

1.e4 c5 2.Nf3 d6 3.Bb5+ Bd7 4.Bxd7+ Qxd7 5.O-O Nf6 6.Re1 Nc6 7.c4 g6 8.Nc3 Bg7
9.h3 O-O 10.d3 Ne8 11.Be3 Nd4 12.Bxd4 cxd4 13.Qa4 Qc6 14.Qxc6 bxc6 15.Ne2 e5
16.b4 Nc7 17.Nd2 Rfb8 18.Rab1 Bh6 19.f4 Ne6 20.g3 exf4 21.g4 f3 22.Nxf3 Be3+
23.Kg2 Rb7 24.Rb3 Rf8 25.e5 d5 26.g5 Kg7 27.h4 h6 28.gxh6+ Kxh6 29.Nh2 Kg7
30.Ng4 Rh8 31.Rh1 Rhb8 32.Rhb1 Bd2 33.cxd5 cxd5 34.b5 Rc8 35.R3b2 Bc3 36.Rc2 Rcb8
37.a4 a6 38.Kf3 axb5 39.axb5 Rxb5 40.Rxb5 Rxb5 41.Ra2 Rb1 42.h5 gxh5 43.Nf6 Rf1+
44.Kg2 Rf5 45.Nd7 Nf8 46.Nxf8 Kxf8 47.Ra8+ Kg7 48.Re8 h4 49.e6 fxe6 50.Rxe6 h3+
51.Kxh3 Rf3+ 52.Kg4 Rxd3 53.Nf4 Re3 54.Rxe3 dxe3 55.Kf3 d4 56.Ke4 Kh6 57.Ng2  1/2-1/2

[Event "21st CRO-Cup"]
[Site "Sibenik CRO"]
[Date "2012.05.17"]
[Round "3.31"]
[White "Rade,M"]
[Black "Palac,M"]
[Result "1-0"]
[WhiteElo "2417"]
[BlackElo "2604"]

1.e4 c5 2.Nf3 d6 3.Bb5+ Nc6 4.O-O Bd7 5.Re1 Nf6 6.c3 a6 7.Ba4 b5 8.Bc2 Bg4
9.a4 Rb8 10.axb5 axb5 11.h3 Bxf3 12.Qxf3 g6 13.Na3 Nd7 14.Qe2 Qb6 15.Bd3 c4
16.Bc2 Nc5 17.Rb1 Bg7 18.b3 Qd8 19.bxc4 b4 20.cxb4 Rxb4 21.Rxb4 Nxb4 22.Rd1 Nc6
23.Nb5 Nd4 24.Nxd4 Bxd4 25.d3 O-O 26.Bh6 Re8 27.Be3 e5 28.Bxd4 exd4 29.Ra1 Qf6
30.g3 Rb8 31.Bd1 h5 32.h4 Rb6 33.Qd2 Kh7 34.Kg2 Qe7 35.Ra2 Qb7 36.Be2 Kg7
37.Qc2 Rb1 38.Qd2 Qb6 39.Bxh5 Nb3 40.Qg5 Nc1 41.Ra8 Nxd3 42.Bxg6 Ne1+ 43.Kh3 Nf3
44.Qh5 Rh1+ 45.Kg2 Rh2+ 46.Kxf3 Qb3+ 47.Kg4  1-0

[Event "21st CRO-Cup"]
[Site "Sibenik CRO"]
[Date "2012.05.17"]
[Round "3.41"]
[White "Rogic,D"]
[Black "Dvirnyy,D"]
[Result "1/2-1/2"]
[WhiteElo "2577"]
[BlackElo "2515"]

1.e4 c5 2.Nf3 d6 3.Bb5+ Bd7 4.Bxd7+ Qxd7 5.O-O Nf6 6.Re1 Nc6 7.d4 cxd4 8.Nxd4 e6
9.c4 Be7 10.Nc3 O-O 11.Be3 Rfc8 12.b3 Bd8  1/2-1/2

[Event "21st CRO-Cup"]
[Site "Sibenik CRO"]
[Date "2012.05.17"]
[Round "3.81"]
[White "Srbis,J"]
[Black "Bubalovic,D"]
[Result "1/2-1/2"]
[WhiteElo "2297"]
[BlackElo "2280"]

1.e4 c5 2.Nf3 d6 3.Bb5+ Bd7 4.Bxd7+ Qxd7 5.O-O Nc6 6.c3 Nf6 7.d4 cxd4 8.cxd4 d5
9.exd5 Nxd5 10.Ne5 Nxe5 11.dxe5 e6 12.Qb3 Be7 13.Qg3 f5 14.exf6 gxf6 15.Bf4 Kf7
16.Nc3 Nxc3 17.Qxc3 Rhd8 18.Qb3 Qd3 19.Bg3  1/2-1/2

[Event "Serbia Cup Final 2012"]
[Site "Kragujevac SRB"]
[Date "2012.05.18"]
[Round "5"]
[White "Marinovic,B"]
[Black "Kovacevic,A"]
[Result "1/2-1/2"]
[WhiteElo "2396"]
[BlackElo "2557"]

1.e4 c5 2.Nf3 d6 3.Bb5+ Nd7 4.d4 cxd4 5.Qxd4 a6 6.Bxd7+ Bxd7 7.a4 e5 8.Qd3 h6
9.c4 Nf6 10.Nc3 Be7 11.O-O O-O 12.Bd2 Qc7 13.Rfc1 Rfc8 14.b3 b6 15.Ne1 Qb7
16.Nc2 Be6 17.f3 Nd7 18.Ne3 Nc5 19.Qc2 Bg5 20.Rab1 Rab8 21.Ned5 Bxd5 22.Nxd5 Ne6
23.Qd3 Rd8 24.Rc3 Rd7 25.Be1 b5 26.cxb5 axb5 27.axb5 Qxb5 28.Qxb5 Rxb5 29.b4 g6
30.h4 Bd8 31.Bf2 Nf4 32.Nxf4 exf4 33.Rd3 Rdb7  1/2-1/2

[Event "Serbia Cup Final 2012"]
[Site "Kragujevac SRB"]
[Date "2012.05.18"]
[Round "5"]
[White "Nedeljkovic,Dr"]
[Black "Skoko,Mil"]
[Result "1/2-1/2"]
[WhiteElo "2146"]
[BlackElo "2206"]

1.e4 c5 2.Nf3 d6 3.Bb5+ Bd7 4.Bxd7+ Qxd7 5.d4 cxd4 6.Nxd4 Nf6 7.Nc3 g6 8.O-O Bg7
9.f3 O-O 10.Be3 Nc6 11.Qd2 Rfd8 12.Rad1 Ne5 13.b3 Rab8 14.h3 a6 15.a4 Nc6
16.Nd5 Nxd5 17.exd5 Nxd4 18.Bxd4 Bxd4+ 19.Qxd4 b5 20.axb5 axb5 21.Rde1 Rb7
22.Re2 Qc7 23.Rfe1 Rd7 24.Qh4 Qc5+ 25.Kh1 Qxd5 26.Rxe7 Rxe7 27.Rxe7 Rxe7
28.Qxe7 Kg7 29.Qc7 Qe5 30.Kg1 Qd4+ 31.Kf1 Qd1+ 32.Kf2 Qd2+ 33.Kf1 h5 34.Qc6 Qd1+
35.Kf2 Qd4+ 36.Kf1 Qd1+ 37.Kf2 Qd2+ 38.Kf1 Qd1+ 39.Kf2  1/2-1/2

[Event "21st CRO-Cup"]
[Site "Sibenik CRO"]
[Date "2012.05.18"]
[Round "4.11"]
[White "Dvirnyy,D"]
[Black "Brkic,A"]
[Result "1/2-1/2"]
[WhiteElo "2515"]
[BlackElo "2569"]

1.e4 c5 2.Nf3 d6 3.Bb5+ Nd7 4.d4 Nf6 5.Nc3 cxd4 6.Qxd4 e5 7.Qd3 h6 8.a4 a6
9.Bc4 Nc5 10.Qe2 Be6 11.Nd2 Rc8 12.a5 Be7 13.O-O O-O 14.Rd1 Qc7 15.b3 Rfd8
16.Bb2 Qc6 17.f3 b5 18.axb6 Qxb6 19.Kh1 Qb7 20.Na4 Nfd7 21.Rdb1 Rc6 22.Nxc5 Nxc5
23.b4 Bxc4 24.Nxc4 Qb5 25.bxc5 Rxc5 26.Bxe5 Qxc4 27.Qxc4 Rxc4  1/2-1/2

[Event "Coupe de France 2012"]
[Site "Bois-Colombes FRA"]
[Date "2012.05.19"]
[Round "1"]
[White "Petrossian,A"]
[Black "Bekker Jensen,Da"]
[Result "1/2-1/2"]
[WhiteElo "2443"]
[BlackElo "2283"]

1.e4 c5 2.Nf3 d6 3.Bb5+ Bd7 4.Bxd7+ Qxd7 5.O-O Nc6 6.c3 Nf6 7.Qe2 e6 8.d3 Be7
9.Bg5 O-O 10.Nbd2 Rac8 11.d4 cxd4 12.cxd4 e5 13.d5 Nd4 14.Nxd4 exd4 15.Nf3 Rfe8
16.Nxd4 Nxe4 17.Bxe7 Rxe7 18.Rae1 Rce8 19.Qb5 Qxb5 20.Nxb5 Kf8 21.f3 a6 22.Nd4 Nf6
23.Rxe7 Rxe7 24.Rc1 g6 25.Rc8+ Kg7 26.Rd8 Rd7 27.Rxd7 Nxd7 28.Nb3 Kf6 29.Na5 b5
30.Nc6 Nb6 31.Nb4 a5 32.Nc6 a4 33.Nb4 Ke5 34.Kf2 Nxd5 35.Nc6+ Kf6 36.g3 Nc7
37.Ke3 Ke6 38.Kd4 Kd7 39.Na7 b4 40.Kc4 b3 41.axb3 d5+ 42.Kb4 axb3 43.Kxb3 Ne6
44.Kc3 Ng5 45.f4 Nf3 46.h4 h5 47.Nb5 Nh2 48.Nd4 Kd6 49.b4 Nf1 50.Ne2 Ne3
51.b5 Nf5 52.Kb4 f6 53.b6 Kc6 54.b7 Kxb7 55.Kc5 Kc7 56.Kxd5 Kd7 57.Ke4 Kd6
58.Kf3 Kd5 59.Nc3+ Ke6  1/2-1/2

[Event "HC Andersen Mindgames"]
[Site "Odense DEN"]
[Date "2012.05.19"]
[Round "7.7"]
[White "Bromann,T"]
[Black "Smith,Ax"]
[Result "1/2-1/2"]
[WhiteElo "2411"]
[BlackElo "2483"]

1.e4 c5 2.Nf3 d6 3.Bb5+ Nc6 4.Bxc6+ bxc6 5.O-O Bg4 6.h3 Bxf3 7.Qxf3 e5 8.c3 Nf6
9.d4 cxd4 10.cxd4 exd4 11.Bf4 Nd7 12.Nd2 Ne5 13.Qg3 Ng6 14.e5 d5 15.Nf3 Qb6
16.Bg5 c5 17.Rfe1 c4 18.h4 Bb4 19.Red1 Bc5 20.h5 Ne7 21.Bxe7 Kxe7 22.e6 fxe6
23.Qxg7+ Kd6 24.Re1 Rhe8 25.b4 Bxb4 26.Rab1 d3 27.a3 Bxe1 28.Qe5+ Kc6 29.Rxb6+ axb6
30.Qxe1 Rxa3 31.Qb4 Ra1+ 32.Kh2 Ra5 33.Nd4+ Kc7 34.Nb5+ Rxb5 35.Qxb5 d2 36.Qb1 c3
37.Qxh7+ Kd6 38.Qc2 b5 39.g4 Rb8 40.h6 b4 41.Qb3 Kc5 42.g5 Rh8 43.Kg3 d4
44.Kf3 d3 45.Ke3 e5 46.f3 Rf8 47.h7 Rxf3+ 48.Kxf3 c2 49.h8=Q d1=Q+ 50.Ke4 Qg4+
51.Kxd3 c1=N+ 52.Kc2 Nxb3 53.Qf8+ Kc4 54.Qg8+ Kc5 55.Qf8+ Kc6 56.Qa8+ Kc7
57.Qa7+ Kd8 58.Qb6+ Kd7 59.Qb7+ Kd6 60.Qb8+ Kd5 61.Qd8+ Kc4 62.Qg8+ Kd4 63.Kxb3 Qf3+
64.Kxb4 Qb7+ 65.Ka4 Qa6+ 66.Kb3 Qb5+ 67.Ka3 Qc5+ 68.Kb3 e4 69.g6 Qb5+ 70.Ka3 Qa5+
71.Kb3 Qb5+ 72.Ka3 Qa5+ 73.Kb3  1/2-1/2

[Event "50th ch-IND Challengers 2012"]
[Site "Tirupati IND"]
[Date "2012.05.19"]
[Round "2.18"]
[White "Sangma,R"]
[Black "Vignesh,NR"]
[Result "0-1"]
[WhiteElo "2327"]
[BlackElo "2103"]

1.e4 c5 2.Nf3 d6 3.Bb5+ Bd7 4.Bxd7+ Nxd7 5.c4 Ngf6 6.Nc3 g6 7.O-O Bg7 8.d4 cxd4
9.Nxd4 O-O 10.b3 Rc8 11.Bb2 Qb6 12.Qd2 Nc5 13.Rfe1 e6 14.Qe2 Rfe8 15.Qf3 Nfd7
16.Qe3 Ne5 17.Ba3 Ng4 18.Qd2 Nd3 19.Qxd3 Qxd4 20.Qe2 Qxf2+ 21.Qxf2 Nxf2 22.Nb5 Bxa1
23.Kxf2 Be5 24.Bxd6 a6 25.Bxe5 axb5 26.cxb5 Rc5 27.Bd6 Rxb5 28.Rc1 e5 29.Rc3 Rd8
30.a4 Rb6 31.Bxe5 Re6 32.Bf4 Rxe4 33.Be3 Rde8 34.g3 f5 35.Kf3 R8e7 36.Bc5 Rc7
37.a5 Kf7 38.b4 Ke6 39.h4 h6 40.Rd3 Rd7 41.Rb3 g5 42.hxg5 hxg5 43.Be3 g4+
44.Kf2 Rc7 45.Rb2 Rh7 46.Rb3 Kd5 47.b5 Rh2+ 48.Kg1 Ra2 49.a6 b6 50.a7 Kc4
51.Rb2 Rxa7 52.Bxb6 Rb7 53.Rc2+ Kxb5 54.Bf2 Re5 55.Bd4 Rd5 56.Be3 Rh7 57.Kg2 Re7
58.Bf2 Re4 59.Kf1 Rc4 60.Rb2+ Ka4 61.Be3 Re4 62.Bf2 Ka3 63.Rb8 f4 64.gxf4 Rxf4
65.Ke2 Re5+ 66.Be3 Rf3 67.Ra8+ Kb4 68.Rb8+ Kc4 69.Rc8+ Kd5 70.Rd8+ Ke6 71.Rd3 Kf5
72.Rb3 Re6 73.Ra3 Kg6 74.Kd2 Rh3 75.Rc3 Ra6 76.Kd3 Re6 77.Kd4 Rf3 78.Ra3 g3  0-1

[Event "Deltalift Open 2012"]
[Site "Tylosand SWE"]
[Date "2012.05.19"]
[Round "8.12"]
[White "Persson,Andr"]
[Black "Nilsson,S"]
[Result "1/2-1/2"]
[WhiteElo "2094"]
[BlackElo "2346"]

1.e4 c5 2.Nf3 d6 3.Bb5+ Nd7 4.d4 Nf6 5.O-O a6 6.Bxd7+ Nxd7 7.Re1 e6 8.c4 Be7
9.Nc3 O-O 10.Be3 cxd4 11.Nxd4 Qc7 12.Rc1 b6 13.f3 Bb7 14.b3 Rac8 15.Qd2 Rfe8
16.Red1 Qb8 17.Qf2 Bd8 18.Kh1 Bc7 19.Nde2 Ba8 20.a4 h6 21.Rc2 Rcd8 22.Rcd2 Kh7
23.Rb1 Nf6 24.Rbd1 Rg8 25.Bd4 Nd7 26.Be3 Nf6 27.Bd4 Nd7 28.Be3 Nf6  1/2-1/2

[Event "Asian Nations Chess Cup w"]
[Site "Zaozhuang CHN"]
[Date "2012.05.19"]
[Round "3"]
[White "Ni,Shiqun"]
[Black "Dauletova,G"]
[Result "1/2-1/2"]
[WhiteElo "2157"]
[BlackElo "2278"]

1.e4 c5 2.Nf3 d6 3.Bb5+ Nc6 4.Bxc6+ bxc6 5.O-O Bg4 6.h3 Bh5 7.Re1 e5 8.c3 Nf6
9.d4 Nd7 10.dxe5 dxe5 11.Be3 Be7 12.Nbd2 O-O 13.Qc2 Qc7 14.Nh2 f6 15.Nhf1 Bf7
16.Ng3 g6 17.Bh6 Rfd8 18.Ndf1 c4 19.Be3 Nc5 20.Bxc5 Bxc5 21.Red1 Qb6 22.Qe2 Rab8
23.Rxd8+ Rxd8 24.Rc1 Rd3 25.Rc2 Be6 26.Qe1 Qd8 27.Rd2 h5 28.Ne2 Bf8 29.Nc1 Rxd2
30.Nxd2 Bh6 31.Nf1 Qb6 32.b4 cxb3 33.Nxb3 Bxb3 34.axb3 Qxb3 35.Qa1 Qf7 36.Qa6 Qd7
37.h4 Kh7 38.g3 Bf8 39.Qa5 Be7 40.Kg2 Bd8 41.Qa4 Bb6 42.Qa6 f5 43.exf5 gxf5
44.Qe2 Qd5+ 45.Kh2 Kg6 46.Ne3 Qe4 47.Qd1 Bxe3 48.Qd6+  1/2-1/2

[Event "Asian Nations Chess Cup"]
[Site "Zaozhuang CHN"]
[Date "2012.05.19"]
[Round "3.1"]
[White "Al Zendani,Z"]
[Black "Jumabayev,R"]
[Result "0-1"]
[WhiteElo "2377"]
[BlackElo "2556"]

1.e4 c5 2.Nf3 d6 3.Bb5+ Nc6 4.O-O Bd7 5.Re1 Nf6 6.c3 a6 7.Bf1 Bg4 8.Na3 e6
9.Nc2 Be7 10.d4 cxd4 11.cxd4 d5 12.e5 Nd7 13.h3 Bh5 14.g4 Bg6 15.Bd3 Nf8
16.Bf4 Bxd3 17.Qxd3 Ng6 18.Bg3 O-O 19.Qe3 Rc8 20.Re2 Qb6 21.Nce1 Na5 22.b3 Rc7
23.h4 Rfc8 24.Rd1 h6 25.h5 Nf8 26.Bh4 Rc3 27.Qf4 Bxh4 28.Nxh4 Nh7 29.Nhf3 Qd8
30.Re3 R3c7 31.Re2 Nc6 32.Rdd2 b6 33.Nc2 Na7 34.Ne3 Nb5 35.Re1 Nc3 36.Rc2 a5
37.Kg2 b5 38.Rg1 b4 39.Re1 Ne4 40.Rb2 Rc3 41.Rd1 Qe7 42.Nd2 Nhg5 43.Nxe4 Nxe4
44.f3 Qh4 45.Re2 Rxe3 46.Qxe3 Qg3+ 47.Kf1 Qh3+ 48.Kg1 Rc3 49.Rd3 Ng3 50.Rg2 Qh1+
51.Kf2 Rc2+ 52.Rd2 Nf1 53.Rxc2 Qxg2+  0-1

[Event "e2e4 Amersham Open"]
[Site "Amersham ENG"]
[Date "2012.05.20"]
[Round "5"]
[White "Bennett,Dominic L"]
[Black "Amato,G"]
[Result "0-1"]
[WhiteElo "2072"]
[BlackElo "1962"]

1.Nf3 c5 2.e4 d6 3.Bb5+ Bd7 4.Bxd7+ Qxd7 5.O-O Nc6 6.c3 Nf6 7.Qe2 e6 8.d4 cxd4
9.cxd4 d5 10.e5 Ne4 11.Be3 Be7 12.Rd1 O-O 13.Ne1 f6 14.f3 Ng5 15.Bxg5 fxg5
16.Nc2 Rf4 17.a3 Nxd4 18.Nxd4 Bc5 19.Qf2 Qa4 20.Nc3 Qxd4 21.Qxd4 Bxd4+ 22.Kf1 Bxc3
23.bxc3 Rc8 24.Rab1 b6 25.Rb3 Rfc4 26.Rd3 Kf7 27.g4 Ke7 28.Ke2 R8c5 29.Kd2 Kd7
30.Kc2 Kc6 31.Kb2 Rb5 32.Rd1 Rxb3+ 33.Kxb3 Rf4 34.Rd3 b5 35.Kc2 Kc5 36.Kd2 Ra4
37.Ke3 Rxa3 38.f4 gxf4+ 39.Kxf4 h6 40.h4 Kc4  0-1

[Event "TCh-HUN 2011-12"]
[Site "Budapest HUN"]
[Date "2012.05.20"]
[Round "11"]
[White "Rigo,Ja"]
[Black "Farkas,Ti"]
[Result "1/2-1/2"]
[WhiteElo "2319"]
[BlackElo "2255"]

1.e4 c5 2.Nf3 d6 3.Bb5+ Bd7 4.a4 Nf6 5.Nc3 Nc6 6.d4 cxd4 7.Nxd4 g6 8.Be3 Bg7
9.f3 O-O 10.Qd2 Rc8 11.O-O Ne5 12.b3 a6 13.Be2 e6 14.h3 Qc7 15.Nd1 d5 16.Nf2 dxe4
17.fxe4 Bc6 18.Bf4 Rfd8 19.Qe3 Nfd7 20.Rad1 Qa5 21.c4 Nc5 22.Bxe5 Bxe5 23.Nxc6 bxc6
24.Ng4 Bg7 25.e5 Nd7 26.Nf6+ Nxf6 27.exf6 Bf8 28.Kh1 Rxd1 29.Bxd1 Qc5 30.Qxc5 Bxc5
31.Bf3 Bd4 32.g4 a5 33.g5 h6 34.gxh6 c5 35.Be4 Kh7 36.Kg2 Rb8 37.Rf3 Kxh6
38.h4 Rd8 39.Bc6 Be5 40.Kh3 Rd2 41.Kg4 Rd4+ 42.Kh3 Kh5 43.Kg2 Rd8 44.Re3 Rd2+
45.Kf1 Bd4 46.Rf3 Kg4 47.Ke1 Rh2 48.Rd3 Bxf6 49.Be8 Bxh4+ 50.Kd1 Rf2 51.Rd7 f5
52.Bxg6 Kg5 53.Bh7 Rf3 54.Rc7 Rxb3 55.Rxc5 Rb4 56.Bg8 Bf2 57.Rxa5 Rxc4 58.Bxe6 Rc5  1/2-1/2

[Event "10th Somov Memorial"]
[Site "Kirishi RUS"]
[Date "2012.05.20"]
[Round "8"]
[White "Chigaev,M"]
[Black "Antal,T"]
[Result "1-0"]
[WhiteElo "2438"]
[BlackElo "2345"]

1.e4 c5 2.Nf3 d6 3.Bb5+ Nc6 4.O-O Bd7 5.Re1 Nf6 6.c3 a6 7.Bf1 Bg4 8.h3 Bxf3
9.Qxf3 g6 10.d3 Bg7 11.Nd2 O-O 12.Qe2 e5 13.g3 b5 14.Bg2 Nd7 15.Nf3 Rb8 16.a3 a5
17.Be3 Re8 18.h4 Nb6 19.h5 Qd7 20.hxg6 hxg6 21.Ng5 Bf6 22.Bh3 Qe7 23.Qg4 Kg7
24.Bg2 Rh8 25.Rad1 Rh5 26.f4 Rbh8 27.Nf3 exf4 28.gxf4 Qe6 29.Qxe6 fxe6 30.Re2 e5
31.d4 exd4 32.cxd4 cxd4 33.Nxd4 Nxd4 34.Bxd4 Bxd4+ 35.Rxd4 Rd8 36.Kf2 Rc5
37.Kg3 g5 38.Bh3 gxf4+ 39.Kxf4 Kf6 40.Bf5 Nc4 41.Rh2 a4 42.Rh6+ Kf7 43.Rd3 Rf8
44.Rg3 Ke7 45.Rg7+ Rf7 46.Rg8 Re5 47.Rb8 Rexf5+ 48.exf5 Nxb2 49.Re6+ Kd7
50.Rb7+  1-0

[Event "21st CRO-Cup"]
[Site "Sibenik CRO"]
[Date "2012.05.20"]
[Round "6.21"]
[White "Dvirnyy,D"]
[Black "Palac,M"]
[Result "1/2-1/2"]
[WhiteElo "2515"]
[BlackElo "2604"]

1.e4 c5 2.Nf3 d6 3.Bb5+ Nd7 4.d4 cxd4 5.Qxd4 a6 6.Bxd7+ Bxd7 7.c4 Nf6 8.O-O g6
9.a4 Bg7 10.Nc3 O-O  1/2-1/2

[Event "50th ch-IND Challengers 2012"]
[Site "Tirupati IND"]
[Date "2012.05.21"]
[Round "5.15"]
[White "Thakur,Ak"]
[Black "Dahale,A"]
[Result "0-1"]
[WhiteElo "2304"]
[BlackElo "2124"]

1.e4 c5 2.Nf3 d6 3.Bb5+ Bd7 4.Bxd7+ Qxd7 5.O-O Nc6 6.c3 Nf6 7.Re1 e6 8.d4 cxd4
9.cxd4 d5 10.e5 Ne4 11.Nbd2 Nxd2 12.Bxd2 Be7 13.Rc1 O-O 14.Rc3 f6 15.exf6 Bxf6
16.Bg5 h6 17.Bxf6 Rxf6 18.Qd2 Raf8 19.Rce3 a6 20.b4 Qe7 21.a3 Na7 22.Qe2 Re8
23.Ne5 Nb5 24.Qg4 Kh7 25.a4 Nd6 26.Nd3 Qf7 27.Nc5 Rxf2 28.Nxe6 Rf6 29.Qh3 Kg8
30.g3 Nf5 31.Re5 Rexe6 32.Rf1 Nxd4 33.Rxd5  0-1

[Event "Spring Wednesday Knighter Masters"]
[Site "Minneapolis USA"]
[Date "2012.05.23"]
[Round "5.4"]
[White "Allen,J"]
[Black "Drake,J"]
[Result "1/2-1/2"]
[WhiteElo "2210"]
[BlackElo "2191"]

1.e4 c5 2.Nf3 d6 3.Bb5+ Nd7 4.d4 cxd4 5.Qxd4 a6 6.Bxd7+ Bxd7 7.O-O Rc8 8.Nc3 e5
9.Qa7 Bc6 10.Rd1 Qc7 11.Be3 Nf6 12.Nd5 Bxd5 13.exd5 Be7 14.c4 Nd7 15.b4 O-O
16.c5 Ra8 17.cxd6 Qxd6 18.Qxb7 Rab8 19.Qc6 Rxb4 20.Rac1 Rd8 21.Qxd6 Bxd6
22.g3 Ra4 23.Rc6 Bf8 24.Rdc1 Rxa2 25.Rc8 Rxc8 26.Rxc8 Ra1+ 27.Kg2 Rd1 28.Rd8 Rxd5
29.Nxe5 Rxe5 30.Rxd7 f6 31.Ra7 Ra5 32.g4 Ra2 33.h4 a5 34.h5 Bb4 35.Ra8+ Kf7
36.Ra7+ Kf8 37.Ra8+ Kf7 38.Ra7+ Kf8 39.Ra8+ Kf7  1/2-1/2

[Event "Asian Nations Chess Cup w"]
[Site "Zaozhuang CHN"]
[Date "2012.05.23"]
[Round "6.3"]
[White "Ni,Shiqun"]
[Black "Dewi,A"]
[Result "1-0"]
[WhiteElo "2157"]
[BlackElo "2112"]

1.e4 c5 2.Nf3 d6 3.Bb5+ Nd7 4.O-O a6 5.Bd3 Ngf6 6.c3 b5 7.Bc2 Bb7 8.Qe2 e6
9.a4 Be7 10.d4 O-O 11.Nbd2 e5 12.Rd1 Qb6 13.Nf1 Rfe8 14.d5 c4 15.Ng3 g6 16.Be3 Qc7
17.h3 Nc5 18.Bh6 Rab8 19.Nh2 Bc8 20.axb5 axb5 21.Ng4 Bxg4 22.hxg4 Bf8 23.Be3 Nfd7
24.f3 Ra8 25.Nh1 Ra5 26.Nf2 Rea8 27.Rxa5 Rxa5 28.g5 Be7 29.Ng4 f6 30.f4 exf4
31.gxf6 Nxf6 32.Bxf4 Nxg4 33.Qxg4 Bf6 34.Rf1 Bg7 35.Bxd6 Qxd6 36.Qc8+ Bf8
37.e5 Qe7 38.d6 Qg7 39.e6 Nxe6 40.Qxe6+ Kh8 41.Qe8 Kg8 42.d7  1-0